00753nam a2200205Ia 4500008004100000020001500041040001800056041000800074100003300082245018500115260003700300300001900337504001100356650003600367650002800403650002200431650003300453650003500486650002600521130821s1978 sp gr spa  a8473980700 aCo-BoUCMbspa aspa1 aBaylos Corraza, Hermenegildo10aTratado de derecho industrial propiedad industrial, propiedad intelectual, derecho de la competencia económica, disciplina de la competencia deslealcHermenegildo Baylos Corraza aMadrid (España)bCivitasc1978 a1061 páginas aIndice04aCompetencia económica desleal04aCompetencia económica04aDerecho comercial04aDerecho industrialzEspaña04aPropiedad industrialzEspaña04aPropiedad intelectual